<?xml version="1.0" encoding="UTF-8"?>
<record
    xmlns:xsi="http://www.w3.org/2001/XMLSchema-instance"
    xsi:schemaLocation="http://www.loc.gov/MARC21/slim http://www.loc.gov/standards/marcxml/schema/MARC21slim.xsd"
    xmlns="http://www.loc.gov/MARC21/slim">

  <leader>008460000a22002410004500</leader>
  <controlfield tag="003">LK-CoMWRAF</controlfield>
  <controlfield tag="005">20240113003855.0</controlfield>
  <controlfield tag="008">230817t2004       ||||| |||| 00| 0 eng d</controlfield>
  <datafield tag="020" ind1=" " ind2=" ">
    <subfield code="a">9559785966</subfield>
  </datafield>
  <datafield tag="040" ind1=" " ind2=" ">
    <subfield code="a">LK-CoMWRAF</subfield>
    <subfield code="d">LK-CoMWRAF</subfield>
    <subfield code="e">LK-CoMWRAF</subfield>
  </datafield>
  <datafield tag="041" ind1=" " ind2=" ">
    <subfield code="a">tam</subfield>
  </datafield>
  <datafield tag="082" ind1=" " ind2=" ">
    <subfield code="a">894.8113</subfield>
    <subfield code="b">DIS</subfield>
  </datafield>
  <datafield tag="100" ind1=" " ind2=" ">
    <subfield code="a">&#xBA4;&#xBBF;&#xB9A;&#xBBE;&#xBA8;&#xBBE;&#xBAF;&#xB95;&#xBCD;&#xB95;, &#xB9C;&#xBC7;. &#xBAA;&#xBBF;</subfield>
    <subfield code="v">Dissanayake, J.B.</subfield>
  </datafield>
  <datafield tag="245" ind1=" " ind2=" ">
    <subfield code="a">&#xBAA;&#xBA3;&#xBCD;&#xBA3;&#xBC8;&#xBAF;&#xBBE;&#xBB0;&#xBCD; &#xB8E;&#xBAA;&#xBCD;&#xBAA;&#xB9F;&#xBBF; &#xB9A;&#xBC1;&#xBB5;&#xBB0;&#xBCD;&#xB95;&#xBCD;&#xB95;&#xBAE;&#xBCD; &#xBAA;&#xBCA;&#xBA9;&#xBBE;&#xBB0;&#xBCD;</subfield>
  </datafield>
  <datafield tag="246" ind1=" " ind2=" ">
    <subfield code="a">Pannaiyaar Eppadi Suvarkkam Ponar</subfield>
  </datafield>
  <datafield tag="260" ind1=" " ind2=" ">
    <subfield code="a">Nugegoda:</subfield>
    <subfield code="b">Samitha,</subfield>
    <subfield code="c">2004</subfield>
  </datafield>
  <datafield tag="300" ind1=" " ind2=" ">
    <subfield code="a">24 unnumbered p.</subfield>
  </datafield>
  <datafield tag="650" ind1=" " ind2=" ">
    <subfield code="a">TAMIL FICTION</subfield>
  </datafield>
  <datafield tag="650" ind1=" " ind2=" ">
    <subfield code="a">Children's' books</subfield>
  </datafield>
  <datafield tag="700" ind1=" " ind2=" ">
    <subfield code="a">&#xB95;&#xBB0;&#xBC1;&#xBA3;&#xBBE;&#xBA4;&#xBBF;&#xBB2;&#xB95;, &#xBAE;&#xB9E;&#xBCD;&#xB9A;&#xBC1;&#xBB3;</subfield>
    <subfield code="e">ills.</subfield>
  </datafield>
  <datafield tag="700" ind1=" " ind2=" ">
    <subfield code="a">&#xB85;&#xBB0;&#xBC1;&#xBA3;&#xBBE;&#xB9A;&#xBB2;&#xBAE;&#xBCD;, &#xB9A;&#xBB0;&#xBCB;&#xB9C;&#xBBF;&#xBA9;&#xBBF; &#xBA4;&#xBC7;&#xBB5;&#xBBF;</subfield>
    <subfield code="e">trans.</subfield>
  </datafield>
  <datafield tag="942" ind1=" " ind2=" ">
    <subfield code="c">BK</subfield>
  </datafield>
  <datafield tag="952" ind1=" " ind2=" ">
    <subfield code="0">0</subfield>
    <subfield code="1">0</subfield>
    <subfield code="4">0</subfield>
    <subfield code="7">0</subfield>
    <subfield code="a">MAIN</subfield>
    <subfield code="b">MAIN</subfield>
    <subfield code="d">2023-08-17</subfield>
    <subfield code="l">0</subfield>
    <subfield code="o">894.8113 DIS</subfield>
    <subfield code="p">RAF4649</subfield>
    <subfield code="r">2023-08-17</subfield>
    <subfield code="w">2023-08-17</subfield>
    <subfield code="y">BK</subfield>
  </datafield>
  <datafield tag="999" ind1=" " ind2=" ">
    <subfield code="c">870</subfield>
    <subfield code="d">870</subfield>
  </datafield>
</record>
